Psychology applied to teaching /
Applying psychology to teaching. Stage theories of development. Age-level characteristics. Understanding student differences. Addressing cultural and socioeconomic diversity. Accommodating student variability...
Đã lưu trong:
| Tác giả chính: | |
|---|---|
| Tác giả khác: | |
| Định dạng: | Sách |
| Ngôn ngữ: | English |
| Được phát hành: |
Boston :
Houghton Mifflin,
2000.
|
| Phiên bản: | 9th ed. |
| Những chủ đề: | |
| Các nhãn: |
Thêm thẻ
Không có thẻ, Là người đầu tiên thẻ bản ghi này!
|
| Thư viện lưu trữ: | Mạng thư viện Đại học Đà Nẵng |
|---|
| LEADER | 01177cam a2200361 i 4500 | ||
|---|---|---|---|
| 001 | 000047665 | ||
| 003 | 7356 | ||
| 005 | 20030408143442.0 | ||
| 008 | 010319|2000 vm 000 eng | ||
| 020 | |a 0395960657 | ||
| 040 | |a IRC |c IRC |d IRC | ||
| 041 | 0 | |a eng | |
| 082 | 1 | 4 | |a 370.15 |b SN-J |
| 100 | 1 | |a Snowman, Jack. | |
| 245 | 0 | 0 | |a Psychology applied to teaching / |c Jack Snowman, Robert Biehler ; with technology contributor Curtis J. Bonk. |
| 250 | |a 9th ed. | ||
| 260 | |a Boston : |b Houghton Mifflin, |c 2000. | ||
| 300 | |a xxxiii, 570 p. : |b col. ill. ; |c 25.5cm. | ||
| 520 | 3 | |a Applying psychology to teaching. Stage theories of development. Age-level characteristics. Understanding student differences. Addressing cultural and socioeconomic diversity. Accommodating student variability... | |
| 630 | 0 | 4 | |a Education. |
| 630 | 0 | 4 | |a Educational psychology. |
| 650 | 0 | 4 | |a Educational psychology. |
| 700 | 1 | |a Biehler, Robert. | |
| OWN | |a DUT | ||
| 999 | |a From the UDN01 | ||
| TYP | |a Monograph | ||
| TYP | |a Printed language | ||
| 980 | |a Mạng thư viện Đại học Đà Nẵng | ||


